God means what He says and other writings / (Record no. 5743)

MARC details
000 -LEADER
fixed length control field 00526nam a22001817a 4500
003 - CONTROL NUMBER IDENTIFIER
control field GBCCL
005 - DATE AND TIME OF LATEST TRANSACTION
control field 20241126110549.0
008 - FIXED-LENGTH DATA ELEMENTS--GENERAL INFORMATION
fixed length control field 180405b ||||| |||| 00| 0 eng d
040 ## - CATALOGING SOURCE
Transcribing agency gbc
082 ## - DEWEY DECIMAL CLASSIFICATION NUMBER
Classification number 252
Item number SIM
100 ## - MAIN ENTRY--PERSONAL NAME
Personal name Simon, Paul
9 (RLIN) 10372
245 ## - TITLE STATEMENT
Title God means what He says and other writings /
Statement of responsibility, etc. Paul Simon
260 ## - PUBLICATION, DISTRIBUTION, ETC.
Place of publication, distribution, etc. Mississippi:
Name of publisher, distributor, etc. J. C. Choate Publications,
Date of publication, distribution, etc. 1973
300 ## - PHYSICAL DESCRIPTION
Extent 210 p.;
Dimensions 17 cm.
650 ## - SUBJECT ADDED ENTRY--TOPICAL TERM
Topical term or geographic name entry element Christian life
Form subdivision Sermons
9 (RLIN) 10373
650 ## - SUBJECT ADDED ENTRY--TOPICAL TERM
Topical term or geographic name entry element Sermons
Form subdivision American
Chronological subdivision 20th Century
9 (RLIN) 10374
942 ## - ADDED ENTRY ELEMENTS (KOHA)
Source of classification or shelving scheme Dewey Decimal Classification
Koha item type Books
Holdings
Withdrawn status Lost status Source of classification or shelving scheme Damaged status Not for loan Home library Current Library Shelving location Date acquired Total checkouts Full call number Barcode Date last seen Copy number Price effective from Koha item type
    Dewey Decimal Classification     GRACE BIBLE COLLEGE GRACE BIBLE COLLEGE Ministry & Mission 2018-04-05   252 SIM 000852 2025-05-01 c.1 2018-04-05 Books
© Grace Bible College Library 2025